Factors affecting farm succession: the case of Slovenia
Gespeichert in:
| 1. Verfasser: | |
|---|---|
| Format: | Buchkapitel |
| Sprache: | Englisch |
| Schlagworte: | |
| Tags: |
Keine Tags, Fügen Sie das erste Tag hinzu!
|
MARC
| LEADER | 00000naa a2200000 4500 | ||
|---|---|---|---|
| 001 | 0157868 | ||
| 005 | 20231211070242.1 | ||
| 041 | 0 | |a eng | |
| 044 | |a CZ | ||
| 245 | 1 | 0 | |a Factors affecting farm succession: the case of Slovenia |c Boštjan Kerbler |
| 610 | 2 | 0 | |a poľnohospodárstvo |
| 610 | 2 | 0 | |a farmy |
| 610 | 2 | 0 | |a farmy rodinné |
| 610 | 2 | 0 | |a politika poľnohospodárska |
| 610 | 2 | 0 | |a Európska únia |
| 610 | 2 | 0 | |a Slovinsko |
| 100 | 1 | |a Kerbler, Boštjan | |